Actualidad penal : (Registro nro. 22202)

Detalles MARC
000 -Cabecera
Campo de control interno 00946nam a22002777a 4500
005 - Fecha y hora del registro
control field 20260409122350.0
008 - Elementos de Longitud Fija
fixed length control field 260408b |||||||| |||| 00| 0 spa d
022 ## - ISSN
ISSN 2313268X
041 ## - Idioma
Codigo Idioma ESP
082 ## - DEWEY y NOTACIÓN INTERNA
Dewey HR 344 MAR 2026
Notación Interna AP
100 ## - AUTOR
Autor denominación ,
110 ## - AUTOR INSTTITUCIONAL
Autor Institucional Instituto Pacífico
245 ## - TÍTULO DE MATERIAL BIBLIOGRÁFICO
Título Actualidad penal :
Título paralelo revista de derecho penal, procesal penal, penitenciario y criminología
250 ## - EDICIÓN
Edición Primera edición
260 ## - CIUDAD, EDITORIAL, AÑO
Ciudad Lima :
Nombre de la Editorial Instituto Pacífico,
Año 2026
300 ## - DESCRIPCIÓN
N° Páginas 316 páginas :
Otros detalles ilustraciones ;
Dimensiones 25 cm.
440 ## - MENCIÓN DE SERIE
Título de la Serie ;
500 ## - NOTA GENERAL
Nota General Número 141, Marzo 2026
650 ## - TEMAS
Temas Ciencias Sociales
653 ## - DESCRIPTORES
Lenguajes no controlado Derecho - Revista
654 ## - PROGRAMAS
Programa Dpto. de Derecho y Ciencia Política
700 ## - OTROS AUTORES
Otros autores ;
856 ## - URL - UBICACIÓN
URI/URL: Enlace exacto del recurso <a href="https://0u214vrr0-y-https-app-vlex-com.itmsp.museknowledge.com/search/jurisdiction:PE/revista+de+derecho+penal%2C+procesal+penal%2C+penitenciario+y+criminolog%C3%ADa">https://0u214vrr0-y-https-app-vlex-com.itmsp.museknowledge.com/search/jurisdiction:PE/revista+de+derecho+penal%2C+procesal+penal%2C+penitenciario+y+criminolog%C3%ADa</a>
Nota pública: Versión digital <a href="Véase además: Base de datos Vlex">Véase además: Base de datos Vlex</a>
942 ## - ELEMENTOS DE KOHA
Tipo de documento Revista
Nombre del creador Justo Noguera
Código de catalogador Mirtha Ponce
Suppress in OPAC No
Esquema de clasificación Dewey Decimal Classification
Existencias
Codigo completo Registro Colección Copia número Disponibilidad Tipo de préstamo Biblioteca Actual Procedencia (Biblioteca) Ubicacón Fecha Ingreso Tipo de Adquisición Observación Date last seen Total checkouts Price effective from Tipo de Item Estado del Material Fuente de Clasificación Damaged status Withdrawn status
HR 344 MAR 2026 AP 1088259 Universidad Católica San Pablo 1 No disponible Proceso Víctor Andrés Belaunde Víctor Andrés Belaunde Planta baja abierta 08/04/2026 Suscripción Derecho 08/04/2026   08/04/2026 Revista Bueno Dewey Decimal Classification   Withdrawn